Регионална библиотека "Любен Каравелов" - Русе

Вук Караджич в новобългарската книжнина (Запис номер 429315)

MARC детайли
000 -Лидер
Контролно поле с фиксирана дължина 01318nam a2200325 a 4500
003 - Код на организацията, давaща контролен номер
Контролно поле BLK
005 - Дата и час на последна редакция
Контролно поле 20230616093230.0
008 - Елементи от данни с фиксирана дължина
fixed length control field 180411b bul|||||r ||||||| ||bul||
040 ## - Източник на каталожния запис
Идентификатор на билиотеката - собственик на записа BLK
041 ## - Код за език
Код за езика на текст/звукозапис или на отделно заглавие Български
Код за езика КДБФ Български
080 ## - УДК
Текстов определител УДК Българска литература
УДК код - определител по УДК 821.163.2
УДК определител (092)
УДК - код + определител 821.163.2(092)
100 ## - Редна дума - Автор
Автор Маринов, Димитър, 1846-1940
Авторска отговорност първи автор
R(LIN) 364678
139 ## - Редно поле
Редна дума Маринов, Димитър
Авторски знак Мари - М 31
245 10 - Сведения за заглавието
Заглавие Вук Караджич в новобългарската книжнина
Редно поле (дума) Димитър Маринов
257 ## - Страна на издаване
Страна на създаване/издаване България
260 ## - Област на издателските данни
Място на издаване, разпространение и проч. София
Име на издателя, разпространителя и проч. Напредък
Година на издаване 1897
9 (RLIN) 218173
300 ## - Физическа характеристика
Страници 83 с.
Размери/Мащаб 22 см
380 ## - Жанр
Жанр Литературознание
490 ## - СЕРИИ (Колекции)
9 (RLIN) 435080
Име на серия Колекция Редки и ценни издания
500 ## - Общи забележки
Забележка Препеч. от Религ. разкази. 1897, кн. 9-10.<br/>Пълното име на авт. Димитър Маринов Бонев.
600 #0 - Име на лице, използвано като предмет
9 (RLIN) 296022
За него / За нея Караджич, Вук Стефанович
650 #4 - Допълнително описание по предмет – тема
Основно описание – тема или топоним Българска литература - история
9 (RLIN) 246271
651 #4 - Допълнително описание по предмет - топоним
Географско понятие България
9 (RLIN) 241624
653 ## - Ключова дума – ненормативна
Ключова дума българска литература
653 ## - Ключова дума – ненормативна
Ключова дума история
852 ## - Местоположение
Форматна сигнатура Рб 897
Фондова буква Редки и ценни
856 4# - Електронен адрес и достъп
Електронен формат pdf - файл
999 ## - СИСТЕМНИ КОНТРОЛНИ НОМЕРА
Koha biblionumber 429315
Koha biblioitemnumber 429315
942 ## - АРТИКУЛИ
Вид на библиотечния материал Книги
Скрит в OPAC Не
Периодичен библиозапис Да
944 ## - СЪЗДАВАНЕ И РЕДАКЦИЯ на ЗАПИСА
Създаване/Редакция Създаване
Дата на регистрацията/редакция 2021-08-20
Служител, извършил регистрацията/редакцията нр
Наличности
Код за отписване Код за изгубен артикул Източник на класификационната схема Код за повреда Коз за рестрикции Код за отдаване Артикулен № Име на библиотеката - собственик Име на библиотеката, в която се намира в момента Статус (Текущо местоположение) Дата на вписване в системата Местоположение - отдел Цена в лева Инвентарен номер Систематично азбучна сигнатура Баркод Цена в евро Служебен тип на артикула
  Не е изгубен Universal Decimal Classification Не е повреден само за читалня Специални фондове ( старопечатни, редки и ценни, фонд М. Арнаудов) 853606 Регионална библиотека "Любен Каравелов" Русе Регионална библиотека "Любен Каравелов" Русе Редки и ценни 2021-09-21 Редки и ценни 0.17 12177/58 Рб 897 900000075412 0.09 Книги
Vip Innovations Ltd, Rousse, Bulgaria 2025